Златният град (Запис номер 142449)
[ съкратено ]
| 000 -Лидер | |
|---|---|
| Контролно поле с фиксирана дължина | 01485nam a2200385 c 4500 |
| 003 - Код на организацията, давaща контролен номер | |
| Контролно поле | BLK |
| 005 - Дата и час на последна редакция | |
| Контролно поле | 20241130134729.0 |
| 008 - Елементи от данни с фиксирана дължина | |
| fixed length control field | 180409b bul|||||r ||||||| ||bul|| |
| 010 ## - Наследен системен номер | |
| LC control number | KNG00148542000 |
| 020 ## - Международен стандартен номер на книга ISBN | |
| Международен стандартен номер на книга ISBN | 978-954-655-414-7 |
| -- | издат.: Бард |
| 040 ## - Източник на каталожния запис | |
| Идентификатор на билиотеката - собственик на записа | BLK |
| 041 ## - Код за език | |
| Код за езика на текст/звукозапис или на отделно заглавие | Български |
| Код за езика КДБФ | Български |
| 072 #7 - Код за тематичната категория | |
| Код организация | bullib |
| Код за тематична категория | Н8301 |
| Текст | Трилъри Н |
| 080 ## - УДК | |
| Текстов определител УДК | Американска литература (на САЩ) |
| УДК код - определител по УДК | 821.111(73) |
| УДК определител | -312.4 |
| УДК - код + определител | 821.111(73)-312.4 |
| 100 1# - Редна дума - Автор | |
| Автор | Хокс, Джон Туелв |
| Авторска отговорност | първи автор |
| R(LIN) | 137303 |
| 139 ## - Редно поле | |
| Редна дума | Хокс, Джон Туелв |
| Авторски знак | Хок - Х 59 |
| 245 10 - Сведения за заглавието | |
| Заглавие | Златният град |
| Подзаглавни данни | Роман |
| Редно поле (дума) | Джон Туелв Хокс; прев. Венцислав Божилов. |
| 257 ## - Страна на издаване | |
| Страна на създаване/издаване | Съединени американски щати |
| 260 ## - Област на издателските данни | |
| -- | София |
| Име на издателя, разпространителя и проч. | Бард |
| Година на издаване | 2008 |
| Печатница | Хасково : Полиграфюг |
| 300 ## - Физическа характеристика | |
| Страници | 352 с. |
| Размери/Мащаб | 20 см |
| 380 ## - Жанр | |
| Жанр | Худож. лит. |
| 490 1# - СЕРИИ (Колекции) | |
| Име на серия | Кралете на трилъра |
| 490 1# - СЕРИИ (Колекции) | |
| -- | Подсерия |
| Име на серия | Четвъртият свят |
| №: серия | Кн. 3 |
| 500 ## - Общи забележки | |
| Забележка | Ориг. загл. The Golden City / JohnTwelwe Hawks. - Доп. тир. 2013. |
| 653 ## - Ключова дума – ненормативна | |
| Ключова дума | трилъри |
| 653 ## - Ключова дума – ненормативна | |
| Ключова дума | романи |
| 659 ## - Тематичен бюлетин | |
| Тематичен бюлетин | Н |
| 700 1# - Други автори (авторска отговорност) | |
| Лично име | Божилов, Венцислав |
| Автороска отговорност (Описва отношението между автора и произведението) | прев. |
| 9 (RLIN) | 366151 |
| 852 ## - Местоположение | |
| Форматна сигнатура | Цб 264059 |
| 856 4# - Електронен адрес и достъп | |
| Електронен формат | pdf - файл |
| Път до файла /url/ | |
| 856 4# - Електронен адрес и достъп | |
| Електронен формат | pdf - файл |
| Път до файла /url/ | |
| 942 ## - АРТИКУЛИ | |
| Вид на библиотечния материал | Книги |
| Скрит в OPAC | Не |
| Koha issues (borrowed), all copies | 22 |
| 944 ## - СЪЗДАВАНЕ И РЕДАКЦИЯ на ЗАПИСА | |
| Създаване/Редакция | Създаване |
| Дата на регистрацията/редакция | 06.08.2013 |
| Статус, дата на статуса | Ивелин Русев |
| Служител, извършил регистрацията/редакцията | 30563 |
| 944 ## - СЪЗДАВАНЕ И РЕДАКЦИЯ на ЗАПИСА | |
| Създаване/Редакция | Редакция |
| Дата на регистрацията/редакция | 20.12.2017 |
| Статус, дата на статуса | ф / |
| Служител, извършил регистрацията/редакцията | Людмила_Стоянова |
| 999 ## - СИСТЕМНИ КОНТРОЛНИ НОМЕРА | |
| Koha biblionumber | 142449 |
| Koha biblioitemnumber | 142449 |
| Код за отписване | Код за изгубен артикул | Код за повреда | Коз за рестрикции | Код за отдаване | Артикулен № | Име на библиотеката - собственик | Име на библиотеката, в която се намира в момента | Статус (Текущо местоположение) | Дата на вписване в системата | Местоположение - отдел | Цена в лева | Инвентарен номер | Систематично азбучна сигнатура | Баркод | Номер на екземпляра | Цена в евро | Служебна бележка | Служебен тип на артикула | Източник на класификационната схема |
|---|---|---|---|---|---|---|---|---|---|---|---|---|---|---|---|---|---|---|---|
| Не е изгубен | Не е повреден | без рестрикции | заемане за дома | 235655 | Регионална библиотека "Любен Каравелов" Русе | Регионална библиотека "Любен Каравелов" Русе | Заемна - подръчен фонд | 2013-08-06 | Заемна - подръчен фонд | 11.69 | 120000768571 | П 820(73)-31/Х 59 | 120000768571 | 1 | 5.98 | Дост: Pk Вид: Ф N: 181 Дата: 05.08.2013 Дата инв: 13.02.2018 Бележки инв: П2018 | Книги | ||
| Изтеглен | Не е изгубен | Не е повреден | без рестрикции | заемане за дома | 235656 | Регионална библиотека "Любен Каравелов" Русе | Регионална библиотека "Любен Каравелов" Русе | Заемна - подръчен фонд | 2013-08-06 | Заемна - подръчен фонд | 11.69 | 120000768572 | П 820(73)-31/Х 59 | 120000768572 | 2 | 5.98 | Дост: Pk Вид: Ф N: 181 Дата: 05.08.2013 | Книги | Universal Decimal Classification |
| Не е изгубен | Не е повреден | без рестрикции | ползва се в читалня | 235657 | Регионална библиотека "Любен Каравелов" Русе | Регионална библиотека "Любен Каравелов" Русе | Хранилище | 2015-01-29 | Хранилище | 14.99 | 120000784845 | Цб 264059 | 120000784845 | 3 | 7.66 | Дост: Dp Вид: Д N: 22 Дата: 10.05.2014 | Книги | ||
| Не е изгубен | Не е повреден | без рестрикции | заемане за дома | 235658 | Регионална библиотека "Любен Каравелов" Русе | Регионална библиотека "Любен Каравелов" Русе | Заемна - подръчен фонд | 2017-12-15 | Заемна - подръчен фонд | 5.00 | 120000818125 | П 820(73)-31/Х 59 | 120000818125 | 4 | 2.56 | Дост: Pk Вид: Ф N: 498 Дата: 15.12.2017 Дата инв: 06.03.2018 Бележки инв: П2018 | Книги | ||
| Не е изгубен | Не е повреден | без рестрикции | заемане за дома | 235659 | Регионална библиотека "Любен Каравелов" Русе | Регионална библиотека "Любен Каравелов" Русе | Заемна - подръчен фонд | 2017-12-15 | Заемна - подръчен фонд | 5.00 | 120000818126 | П 820(73)-31/Х 59 | 120000818126 | 5 | 2.56 | Дост: Pk Вид: Ф N: 498 Дата: 15.12.2017 Дата инв: 15.02.2018 Бележки инв: П2018 | Книги | ||
| Не е изгубен | Не е повреден | без рестрикции | заемане за дома | 687734 | Регионална библиотека "Любен Каравелов" Русе | Регионална библиотека "Любен Каравелов" Русе | Заемна - подръчен фонд | 2018-12-27 | Заемна - подръчен фонд | 5.00 | П 820(73)-31/Х 59 | 120000828880 | 2.56 | Книги | Universal Decimal Classification | ||||
| Не е изгубен | Не е повреден | без рестрикции | заемане за дома | 687735 | Регионална библиотека "Любен Каравелов" Русе | Регионална библиотека "Любен Каравелов" Русе | Заемна - подръчен фонд | 2018-12-27 | Заемна - подръчен фонд | 5.00 | П 820(73)-31/Х 59 | 120000828881 | 2.56 | Книги | Universal Decimal Classification |